=LDR 00000nam 2200000 4500 =001 INLIS000000000021885 =005 20130612120711 =008 ***********************************Ind** =035 ##$$0010-061300000021885 =041 ##$$a Ind =082 ##$$a 813 =090 ##$$a 813, Pra l =100 ##$$a Pratiwi, Dwi =245 ##$$a Lukisan dewi senari bulan, Dwi Pratiwi =260 ##$$a 2004 $b Jakarta =300 ##$$a 53 hlm, ilus, 23 cm =650 ##$$a Fiksi Indonesia =850 ##$$a NBPNMAT